The heart of a continent (Record no. 553243)

000 -LEADER
fixed length control field 00744cam a2200169K 4500
082 04 - DEWEY DECIMAL CLASSIFICATION NUMBER
Classification number 915
Author Mark YOU
100 1# - MAIN ENTRY--PERSONAL NAME
Personal name Younghusband, Francis Edward,
9 (RLIN) 50506
245 14 - TITLE STATEMENT
Title The heart of a continent
Remainder of title a narrative of travels in Manchuria, across the Gobi desert, through the Himalayas, the Pamirs, and Chitral, 1884-1894.
Statement of responsibility, etc. By Captain Frank E. Younghusband ...
260 ## - PUBLICATION, DISTRIBUTION, ETC.
Place of publication, distribution, etc. London,
Name of publisher, distributor, etc. J. Murray,
Date of publication, distribution, etc. 1896.
300 ## - PHYSICAL DESCRIPTION
Extent 1 online resource (xvii p., 1 l., 409 p.)
Other physical details front., illus., 17 pl. (incl. port. group) 4 fold. maps.
500 ## - GENERAL NOTE
General note Edited by John Murray.
526 ## - STUDY PROGRAM INFORMATION NOTE
Program name 0
Interest level 0
Reading level 0
Title point value 915_000000000000000_YOU
650 ## - SUBJECT ADDED ENTRY--TOPICAL TERM
Topical term or geographic name entry element MCE
9 (RLIN) 379
700 1# - ADDED ENTRY--PERSONAL NAME
Personal name Murray, John,
9 (RLIN) 50507
856 40 - ELECTRONIC LOCATION AND ACCESS
Uniform Resource Identifier <a href="http://catalog.hathitrust.org/api/volumes/oclc/1444951.html">http://catalog.hathitrust.org/api/volumes/oclc/1444951.html</a>
942 ## - ADDED ENTRY ELEMENTS (KOHA)
Source of classification or shelving scheme
Koha item type Book
Holdings
Withdrawn status Lost status Source of classification or shelving scheme Damaged status Not for loan Permanent Location Current Location Shelving location Date acquired Total Checkouts Full call number Barcode Date last seen Price effective from Koha item type
          Military College of Engineering (MCE) Military College of Engineering (MCE)   02/02/2015   915 YOU MCE-ECH/39 02/02/2015 02/02/2015 Book
© 2023 Central Library, National University of Sciences and Technology. All Rights Reserved.